000 00897nam a2200241 4500
001 vtls003273746
003 MY-SjTCS
005 20200306165322.0
008 171023t1999uuuuxx# eng d
020 _a1859460518
020 _a9781859460511
035 _aRIBAB0000080
039 9 _y201710231519
_zshuhada
041 0 _aeng
100 1 _aHill, Mervyn.
_9263827
245 1 0 _aA guide to drawn information (small practices).
_h[electronic resource] /
_cHill, Mervyn.
260 _a[S.l.] :
_bRoyal Institute of British Architects,
_c1999.
300 _a1 online resource (72 p.)
650 0 _aGraphic methods.
_9263828
655 4 _aElectronic books.
_9201578
700 1 _aHill, Mervyn.
_9263829
856 4 0 _uhttps://ezproxy.taylors.edu.my/login?url=http://portal.igpublish.com/iglibrary/search/RIBAB0000080.html
_zAn electronic book accessible through the World Wide Web; click to view
999 _c54422